[Event "Lansing (Mini-Swiss.5/3)"]
[Site "?"]
[Date "1990.??.??"]
[Round "?"]
[White "Serwatowski, Felix"]
[Black "Thibeault, T."]
[Result "1/2-1/2"]
[WhiteElo "1605"]
[BlackElo "1605"]
[PlyCount "120"]
[EventDate "1990.??.??"]

{5/(3)} 1. d4 d5 2. Nf3 Bg4 3. e3 Nf6 4. c4 c5 5. b3 cxd4 6. exd4 dxc4 7. Bxc4
e6 8. O-O Nc6 9. Bb2 Bxf3 10. Qxf3 Nxd4 11. Bxd4 Qxd4 12. Nc3 a6 13. Qxb7 Qa7
14. Qc6+ Nd7 15. Rfe1 Bc5 16. Re2 O-O 17. Rd1 Nf6 18. Qf3 Rad8 19. Rxd8 Rxd8
20. Kf1 Bb4 21. Rc2 Qc7 22. g3 Qd6 23. Rc1 Qe5 24. Ne2 h6 25. Bxa6 Qb2 26. Qc6
Qxa2 27. Qb5 Qa5 28. Qxa5 Bxa5 29. Rb1 Rb8 30. Nd4 Ng4 31. h3 Ne5 32. f4 Nd7
33. Nc6 Rb6 34. Nxa5 Rxa6 35. b4 Nb6 36. Nc6 Nc4 37. b5 Rb6 38. Ke2 Na3 39. Rb3
Nxb5 40. Kd3 Rxc6 41. Rxb5 Kf8 42. g4 Ke7 43. h4 Rd6+ 44. Ke4 f6 45. g5 hxg5
46. hxg5 Ra6 47. Rb7+ Kf8 48. g6 Ra4+ 49. Kf3 Ra8 50. Kg4 Re8 51. f5 e5 52. Kf3
e4+ 53. Ke3 Re5 54. Rf7+ Kg8 55. Rd7 Kf8 56. Rf7+ Kg8 57. Rd7 Re8 58. Rd4 Kf8
59. Rxe4 Rxe4+ 60. Kxe4 Ke7 1/2-1/2

[Event "Detroit (MOR/4/46)"]
[Site "?"]
[Date "1990.??.??"]
[Round "?"]
[White "Serwatowski, Felix"]
[Black "Rompre, J."]
[Result "1/2-1/2"]
[WhiteElo "1605"]
[BlackElo "1605"]
[PlyCount "89"]
[EventDate "1990.??.??"]

{4/(46)} 1. e4 e5 2. Nf3 Nc6 3. Bb5 Bc5 4. O-O Nge7 5. c3 a6 6. Ba4 b5 7. Bc2
d6 8. h3 Ng6 9. d4 Bb6 10. d5 Nce7 11. Bg5 h6 12. Bxe7 Qxe7 13. Nbd2 Nf4 14.
Kh2 O-O 15. Ng1 Qg5 16. g3 Nh5 17. Ndf3 Qe7 18. Qd2 Bd7 19. b4 Rac8 20. Bb3 c5
21. dxc6 Bxc6 22. Bd5 Bxd5 23. exd5 Rc4 24. a3 Rfc8 25. Rac1 f5 26. Nh4 Qf6 27.
Ng2 g5 28. Ne3 Bxe3 29. fxe3 Ng7 30. Ne2 e4 31. Nd4 Qg6 32. Nc6 Qf6 33. g4 Kh7
34. Kg2 h5 35. Kg3 Kh6 36. Nd4 Qe5+ 37. Kg2 fxg4 38. hxg4 h4 39. Qf2 Qg3+ 40.
Qxg3 hxg3 41. Kxg3 Kg6 42. Nc6 Rc7 43. Rf2 Ne8 44. Rfc2 Nf6 45. Na5 1/2-1/2

[Event "Detroit (RVO/1)"]
[Site "?"]
[Date "1990.??.??"]
[Round "?"]
[White "Serwatowski, Felix"]
[Black "Lewis, Derrick"]
[Result "0-1"]
[WhiteElo "1605"]
[BlackElo "1955"]
[PlyCount "80"]
[EventDate "1990.??.??"]

1. Nf3 Nf6 2. d4 g6 3. Nc3 Bg7 4. e4 d6 5. Be2 O-O 6. O-O e5 7. Bg5 h6 8. Be3
Re8 9. d5 Bg4 10. Qd2 Kh7 11. h3 Bxf3 12. Bxf3 Nbd7 13. Qd3 Rg8 14. Qe2 Qe7 15.
Nb5 a6 16. Nc3 Raf8 17. Kh2 Ne8 18. g4 Bf6 19. Bg2 Bg5 20. f4 exf4 21. Bxf4
Bxf4+ 22. Rxf4 Qe5 23. Qd2 g5 24. Raf1 gxf4 25. Rxf4 Rg6 26. Kh1 Rf6 27. Rf5
Rxf5 28. exf5 Rg8 29. b3 Nef6 30. Ne2 Re8 31. Ng1 Nc5 32. Nf3 Qg3 33. g5 hxg5
34. Nxg5+ Kg8 35. Nf3 Kg7 36. c4 Nce4 37. Qc2 Nf2+ 38. Kg1 Nxh3+ 39. Kf1 Nf4
40. Bh1 Re2 0-1

[Event "Flint (Class C/3)"]
[Site "?"]
[Date "1990.??.??"]
[Round "?"]
[White "Serwatowski, Felix"]
[Black "LaGuire, D."]
[Result "0-1"]
[WhiteElo "1605"]
[BlackElo "1605"]
[PlyCount "62"]
[EventDate "1990.??.??"]

1. Nf3 Nf6 2. g3 g6 3. Bg2 Bg7 4. O-O d5 5. c3 O-O 6. d3 Nbd7 7. Re1 c6 8. Bf4
Nh5 9. Bg5 f6 10. Be3 e5 11. Nfd2 f5 12. f3 f4 13. Bf2 fxg3 14. hxg3 Ndf6 15.
Kh2 Bh6 16. Rh1 Ng4+ 17. fxg4 Rxf2 18. gxh5 Qb6 19. b3 gxh5 20. Rf1 Bg4 21. Nf3
Rf8 22. Qe1 Rxf1 23. Qxf1 e4 24. dxe4 dxe4 25. c4 exf3 26. exf3 Qe3 27. Na3 h4
28. Nc2 hxg3+ 29. Kh1 Qg5 30. Bh3 Bxf3+ 31. Kg1 Qc5+ 0-1

[Event "Lansing (Mini-Swiss.5/1)"]
[Site "?"]
[Date "1990.??.??"]
[Round "?"]
[White "Serwatowski, Felix"]
[Black "Hill, M."]
[Result "1-0"]
[WhiteElo "1605"]
[BlackElo "1605"]
[PlyCount "107"]
[EventDate "1990.??.??"]

{5/(1)} 1. c4 c5 2. Nf3 Nf6 3. g3 g6 4. Bg2 Bg7 5. O-O O-O 6. Nc3 Nc6 7. d4
cxd4 8. Nxd4 Nxd4 9. Qxd4 a6 10. Qd2 Qc7 11. b3 Rb8 12. Rb1 b5 13. Nd5 Nxd5 14.
Bxd5 e6 15. Bg2 bxc4 16. Qc2 c3 17. Rd1 d5 18. e3 Rd8 19. Rd3 a5 20. Bb2 Ba6
21. Rdd1 Rbc8 22. Ba3 Rd7 23. b4 Rb8 24. bxa5 Rxb1 25. Rxb1 Qxa5 26. Bb4 Qc7
27. Rb3 Bc4 28. Ra3 Qd8 29. Bxc3 Bxc3 30. Rxc3 e5 31. Bf1 Bxf1 32. Kxf1 d4 33.
Rc8 d3 34. Rxd8+ Rxd8 35. Qd2 e4 36. Kg2 Rc8 37. a4 Rc2 38. Qd1 Ra2 39. Qb3 d2
40. Qd1 Kf8 41. a5 Ke8 42. a6 Ke7 43. a7 Rxa7 44. Qxd2 Rd7 45. Qb4+ Rd6 46.
Qxe4+ Re6 47. Qb7+ Kf6 48. e4 Re7 49. Qa8 Kg7 50. h4 Re5 51. f3 Rb5 52. Qa1+
Kh6 53. Qc1+ g5 54. Qc6+ 1-0

[Event "Lansing (MI Am/2/32)"]
[Site "?"]
[Date "1990.??.??"]
[Round "?"]
[White "Serwatowski, Felix"]
[Black "Haakonstad, Olaf"]
[Result "1-0"]
[WhiteElo "1605"]
[BlackElo "1850"]
[PlyCount "75"]
[EventDate "1990.??.??"]

{2/(32)} 1. Nf3 d5 2. d4 Nf6 3. Bg5 e6 4. e3 Be7 5. Bd3 h6 6. Bxf6 Bxf6 7. Nc3
O-O 8. O-O Nd7 9. Ne2 c5 10. c4 e5 11. dxe5 Nxe5 12. Nxe5 Bxe5 13. Rb1 dxc4 14.
Bxc4 Qh4 15. f4 Bc7 16. Ng3 Bg4 17. Qb3 b6 18. Be2 Be6 19. Bc4 Rad8 20. Bxe6
fxe6 21. Qxe6+ Kh8 22. Qb3 Rd6 23. Qc2 Rg6 24. Qxg6 Rf6 25. Qe8+ Kh7 26. Qe4+
Rg6 27. b4 Bd6 28. Nf5 Qf6 29. Nxd6 Qxd6 30. f5 Rf6 31. bxc5 Qxc5 32. Rbc1 Qa3
33. Rc8 h5 34. Qe8 Kh6 35. Qh8+ Kg5 36. Qxg7+ Rg6 37. Qxg6+ Kh4 38. Qg3# 1-0

[Event "Detroit (RVO/3)"]
[Site "?"]
[Date "1990.??.??"]
[Round "?"]
[White "Serwatowski, Felix"]
[Black "Faulknor, J."]
[Result "1-0"]
[WhiteElo "1605"]
[BlackElo "1605"]
[PlyCount "55"]
[EventDate "1990.??.??"]

1. Nf3 Nc6 2. e4 e5 3. d4 exd4 4. Nxd4 Bc5 5. Be3 Qe7 6. Bd3 Nf6 7. Nf5 Qe5 8.
Nxg7+ Kf8 9. Bh6 Bxf2+ 10. Kxf2 Qc5+ 11. Kf1 Ke7 12. Nf5+ Kd8 13. Bg7 Nxe4 14.
Bxe4 Qc4+ 15. Qe2 Na5 16. Bxh8 Qxe2+ 17. Kxe2 Nc4 18. Rd1 d6 19. g4 Na5 20. Nc3
c5 21. Rxd6+ Kc7 22. Rad1 Bxf5 23. Bxf5 Rxh8 24. Rd7+ Kb6 25. Na4+ Kb5 26. b3
Re8+ 27. Kf3 Kb4 28. a3+ 1-0

[Event "Flint (Class C/1)"]
[Site "?"]
[Date "1990.??.??"]
[Round "?"]
[White "Serwatowski, Felix"]
[Black "Carr, James"]
[Result "0-1"]
[WhiteElo "1605"]
[BlackElo "1605"]
[PlyCount "106"]
[EventDate "1990.??.??"]

1. Nf3 d5 2. g3 Nf6 3. Bg2 c6 4. O-O Bg4 5. d3 e6 6. Nbd2 Bd6 7. e4 e5 8. exd5
cxd5 9. Re1 O-O 10. h3 Bxf3 11. Bxf3 Nc6 12. c3 Qc7 13. Nf1 Rfe8 14. Qc2 Qd7
15. Kg2 d4 16. Bg5 Qf5 17. Bxf6 Qxf6 18. Be4 Re6 19. Bd5 Re7 20. Re4 h5 21. Rh4
Qh6 22. Qe2 g6 23. g4 Qg5 24. Qe4 Kg7 25. Rxh5 gxh5 26. Ng3 Kh8 27. Rh1 h4 28.
Nf5 Rd7 29. a3 dxc3 30. bxc3 Bxa3 31. Bxc6 bxc6 32. Qxe5+ f6 33. Qe4 Rad8 34.
d4 c5 35. f4 Qg6 36. Rd1 cxd4 37. cxd4 Bb2 38. d5 Qe8 39. Qf3 Rb8 40. d6 Qc8
41. Rf1 Qb7 42. Qxb7 Rbxb7 43. Rd1 Ba3 44. Nxh4 Rxd6 45. Rf1 Rb2+ 46. Kg3 Rd3+
47. Rf3 Rxf3+ 48. Nxf3 Rb3 49. h4 Bd6 50. g5 fxg5 51. hxg5 Rb4 52. Nh4 Rd4 53.
Kg4 Rxf4+ 0-1

[Event "Lansing (MI Am/1/24)"]
[Site "?"]
[Date "1990.??.??"]
[Round "?"]
[White "Serwatowski, Felix"]
[Black "Arganian, David H"]
[Result "0-1"]
[WhiteElo "1605"]
[BlackElo "1855"]
[PlyCount "64"]
[EventDate "1990.??.??"]

{1/(24)} 1. Nf3 g6 2. g3 Bg7 3. Bg2 c5 4. O-O Nc6 5. d3 e6 6. Nbd2 Nge7 7. e4
O-O 8. c3 d5 9. Re1 Rb8 10. a4 b6 11. Rb1 a6 12. Qc2 b5 13. axb5 axb5 14. Nf1
b4 15. exd5 Nxd5 16. cxb4 Ncxb4 17. Qd1 Ba6 18. d4 cxd4 19. Nxd4 Bxd4 20. Qxd4
Nc2 21. Qe5 Nxe1 22. Bh6 Qf6 23. Qxe1 Rfc8 24. Bc1 Rc2 25. b4 Re2 26. Qxe2 Bxe2
27. Bb2 Qf5 28. Ra1 Nxb4 29. Ne3 Qd3 30. Be5 Rf8 31. Rc1 f6 32. Bc3 Na2 0-1

[Event "Flint (Class C/2)"]
[Site "?"]
[Date "1990.??.??"]
[Round "?"]
[White "Sells, P."]
[Black "Troupe, D."]
[Result "0-1"]
[WhiteElo "1605"]
[BlackElo "1605"]
[PlyCount "50"]
[EventDate "1990.??.??"]

1. d4 d5 2. c4 Nf6 3. Nc3 e6 4. Bg5 Be7 5. cxd5 exd5 6. Nf3 h6 7. Bh4 Bg4 8. e3
a6 9. Be2 Nbd7 10. O-O O-O 11. Ne5 Bxe2 12. Nxe2 Re8 13. Bg3 c5 14. Rc1 Rc8 15.
dxc5 Bxc5 16. Nxd7 Qxd7 17. Nd4 Ne4 18. Nb3 Bb6 19. Rxc8 Rxc8 20. Be5 Qf5 21.
Bd4 Bc7 22. Qd3 Qh5 23. h3 Ng5 24. Qf5 Rd8 25. f4 Nf3+ 0-1

[Event "Lansing (Apr)"]
[Site "?"]
[Date "1990.??.??"]
[Round "?"]
[White "Sells, P."]
[Black "Thibeault, T."]
[Result "1/2-1/2"]
[WhiteElo "1605"]
[BlackElo "1605"]
[PlyCount "110"]
[EventDate "1990.??.??"]

1. e4 e5 2. Nf3 Nc6 3. Bb5 Bc5 4. O-O Nf6 5. Re1 O-O 6. c3 a6 7. Ba4 b5 8. Bc2
Qe7 9. d4 Bb6 10. Bg5 h6 11. Bh4 Re8 12. d5 Na5 13. Nbd2 c6 14. Nf1 Nc4 15. b3
Nd6 16. Bg3 Bb7 17. Bxe5 Bxf2+ 18. Kxf2 Ng4+ 19. Kg1 Nxe5 20. Nxe5 Qxe5 21. Qd2
cxd5 22. exd5 Qxd5 23. Qxd5 Bxd5 24. Rxe8+ Rxe8 25. Rd1 Be4 26. Rxd6 Bxc2 27.
Rxa6 Bd3 28. Rd6 Bf5 29. Rd5 Be4 30. Rxb5 Bc6 31. Rb4 Re2 32. Rg4 h5 33. Rg3 h4
34. Rg4 f6 35. h3 Kf7 36. Nh2 f5 37. Kf1 Rxa2 38. Rxh4 Rxg2 39. Rf4 Rxh2 40.
Rxf5+ Kg8 41. b4 Rxh3 42. Rc5 Kf7 43. c4 Rh1+ 44. Kf2 Rb1 45. b5 Bxb5 46. cxb5
Ke6 47. Rg5 Rb2+ 48. Ke3 d5 49. Rxg7 Rxb5 50. Rg4 Rb3+ 51. Kd2 Ke5 52. Rh4 d4
53. Rg4 Rh3 54. Rg8 Ke4 55. Re8+ Kd5 1/2-1/2

[Event "Lansing (MI Am/5/38)"]
[Site "?"]
[Date "1990.??.??"]
[Round "?"]
[White "Sells, P."]
[Black "Pope, Nick"]
[Result "1-0"]
[WhiteElo "1605"]
[BlackElo "1605"]
[PlyCount "113"]
[EventDate "1990.??.??"]

{5/(38)} 1. Nf3 d5 2. c4 e6 3. b3 Nf6 4. Bb2 Nbd7 5. g3 c6 6. Bg2 Be7 7. O-O
O-O 8. d4 dxc4 9. bxc4 Qb6 10. Qc2 c5 11. e3 Qc7 12. Nbd2 b6 13. Rfd1 Bb7 14.
Rac1 Rfd8 15. Nb3 Be4 16. Qe2 Qb7 17. Nbd2 Bc6 18. Nh4 Bxg2 19. Nxg2 Nf8 20.
Nf3 Ng6 21. Nf4 Nxf4 22. gxf4 Ne8 23. Rd2 Bf6 24. Rcd1 Qc7 25. Ne5 Be7 26. Qf3
Rac8 27. d5 Bf6 28. Nc6 Rd7 29. Bxf6 Nxf6 30. Ne5 Rd6 31. e4 Nd7 32. Nc6 Nb8
33. Nxb8 Rxb8 34. e5 Rd7 35. d6 Qd8 36. Kh1 Qh4 37. Rg1 g6 38. Rg3 Qh6 39. Rd1
Qg7 40. h4 h5 41. Rdg1 Kh7 42. Qxh5+ Qh6 43. Qxh6+ Kxh6 44. h5 Rg8 45. hxg6
Rxg6 46. Rxg6+ fxg6 47. Kg2 Kg7 48. Kf3 Kf7 49. Rh1 Kg7 50. Kg4 Rf7 51. Rd1 Rd7
52. a4 a5 53. Kg5 Kf7 54. Rh1 Kg8 55. Rh6 Rg7 56. Rxg6 Rxg6+ 57. Kxg6 1-0

[Event "Lansing (Mini-Swiss.5/1)"]
[Site "?"]
[Date "1990.??.??"]
[Round "?"]
[White "Sells, P."]
[Black "Moore, H."]
[Result "1-0"]
[WhiteElo "1605"]
[BlackElo "1605"]
[PlyCount "77"]
[EventDate "1990.??.??"]

{5/(1)} 1. e4 g6 2. d4 Bg7 3. Nc3 c6 4. Nf3 d6 5. h3 Nf6 6. Be3 Nbd7 7. Qd2 O-O
8. O-O-O Qc7 9. Be2 e5 10. d5 cxd5 11. Nxd5 Nxd5 12. Qxd5 Nb6 13. Qd2 Be6 14.
Kb1 Rfd8 15. Qc1 Nc4 16. Bxc4 Qxc4 17. b3 Qb5 18. Bh6 a5 19. a4 Qb4 20. Bxg7
Kxg7 21. Qe3 b5 22. axb5 Qxb5 23. Ng5 a4 24. Nxe6+ fxe6 25. Qg5 Rd7 26. Rxd6
Rf7 27. Qe3 Qb4 28. Rb6 Qa5 29. b4 a3 30. bxa5 Rxa5 31. Ka2 Rc7 32. Qb3 Rd7 33.
Rb7 Rxb7 34. Qxb7+ Kh6 35. g4 Rc5 36. g5+ Kxg5 37. Qe7+ Kf4 38. Qxc5 h5 39.
Qe3# 1-0

[Event "Flint (Class C/3)"]
[Site "?"]
[Date "1990.??.??"]
[Round "?"]
[White "Sells, P."]
[Black "Lewis, James"]
[Result "1-0"]
[WhiteElo "1605"]
[BlackElo "1605"]
[PlyCount "75"]
[EventDate "1990.??.??"]

1. d4 d5 2. c4 c6 3. Nc3 e6 4. Nf3 dxc4 5. a4 Bb4 6. e3 b5 7. axb5 Bxc3+ 8.
bxc3 cxb5 9. Be2 Ne7 10. e4 O-O 11. O-O Bb7 12. Qc2 Nd7 13. Bf4 Nf6 14. Nd2 Ng6
15. Bg3 a5 16. f4 Re8 17. Bf3 Nd7 18. Rab1 Qc8 19. Rxb5 a4 20. Rb4 a3 21. Nxc4
a2 22. Ra1 Ba6 23. Nd6 Qd8 24. Nxe8 Qxe8 25. Rxa2 Ra7 26. Rba4 Nb8 27. c4 f5
28. exf5 exf5 29. Bd5+ Kh8 30. Kf2 Re7 31. Qxf5 Bc8 32. Qh5 Nd7 33. Bc6 Qd8 34.
Qd5 Qc7 35. Bxd7 Rxd7 36. Re2 h6 37. Re8+ Kh7 38. Qg8# 1-0

[Event "Lansing (MI Am/2/42)"]
[Site "?"]
[Date "1990.??.??"]
[Round "?"]
[White "Sells, P."]
[Black "Ladomer, W."]
[Result "1-0"]
[WhiteElo "1605"]
[BlackElo "1605"]
[PlyCount "81"]
[EventDate "1990.??.??"]

{2/(42)} 1. Nf3 Nc6 2. e4 e5 3. Bb5 d6 4. d4 Bd7 5. O-O Nxd4 6. Bxd7+ Qxd7 7.
Nxd4 exd4 8. Qxd4 O-O-O 9. Qxa7 Qc6 10. Nc3 Nf6 11. Bg5 Re8 12. Qa8+ Kd7 13.
Qa5 h6 14. Bxf6 gxf6 15. Qf5+ Re6 16. Rfe1 Rg8 17. Qb5 Qxb5 18. Nxb5 Bg7 19.
Nd4 Re5 20. Nf5 Bf8 21. a4 d5 22. Rad1 c6 23. f4 Bc5+ 24. Kf1 Re6 25. c4 Kc7
26. cxd5 cxd5 27. Rxd5 Bb4 28. Rc1+ Kb8 29. Rc4 Be7 30. Rd7 Re8 31. Ng7 Rb6 32.
Nxe8 Rxb2 33. Rxe7 Rb1+ 34. Kf2 Rb2+ 35. Kg3 Rb3+ 36. Kh4 Rb2 37. Kh3 b5 38.
axb5 Rxb5 39. Nd6 Rh5+ 40. Kg3 Ra5 41. Rc8# 1-0

[Event "Lansing (Mini-Swiss.5/3)"]
[Site "?"]
[Date "1990.??.??"]
[Round "?"]
[White "Sells, P."]
[Black "Carpenter, B."]
[Result "0-1"]
[WhiteElo "1605"]
[BlackElo "1605"]
[PlyCount "42"]
[EventDate "1990.??.??"]

{5/(3)} 1. d4 e6 2. c4 d5 3. Nc3 c5 4. dxc5 Nc6 5. Nf3 d4 6. Ne4 Bxc5 7. Nxc5
Qa5+ 8. Bd2 Qxc5 9. e3 e5 10. exd4 exd4 11. Be2 Bf5 12. Bf4 O-O-O 13. Bd3 Re8+
14. Kd2 Bxd3 15. Kxd3 Qf5+ 16. Kd2 Qxf4+ 17. Kc2 Qf5+ 18. Kb3 Qc5 19. a3 Na5+
20. Ka4 Qxc4+ 21. Kxa5 b6# 0-1

[Event "Lansing (MI Am/3/20)"]
[Site "?"]
[Date "1990.??.??"]
[Round "?"]
[White "Sells, P."]
[Black "Burg, Dan"]
[Result "0-1"]
[WhiteElo "1605"]
[BlackElo "1855"]
[PlyCount "90"]
[EventDate "1990.??.??"]

{3/(20)} 1. Nf3 Nf6 2. d4 c6 3. c4 d5 4. Nc3 e6 5. Bg5 Be7 6. e3 O-O 7. Bd3
dxc4 8. Bxc4 b5 9. Bd3 a6 10. O-O Bb7 11. Rc1 c5 12. dxc5 Bxc5 13. Bxf6 Qxf6
14. Ne4 Qxb2 15. Nxc5 Bd5 16. Qc2 Qxa2 17. Bxh7+ Kh8 18. Qxa2 Bxa2 19. Be4 Ra7
20. Ra1 Bc4 21. Rfc1 Rc8 22. Nd3 f5 23. Bxf5 exf5 24. Nde5 Rac7 25. Nd4 b4 26.
Nxc4 Rxc4 27. Rxc4 Rxc4 28. Kf1 g6 29. Ke2 Kg7 30. Kd2 Kf6 31. Ra5 Ke7 32. Nb3
Kd6 33. Nd4 Rc5 34. Ra4 a5 35. Nb3 Rd5+ 36. Kc2 Nc6 37. f4 Kc7 38. Ra1 Kb6 39.
h3 Kb5 40. g4 a4 41. Nc1 Rc5+ 42. Kb2 Na5 43. Nd3 Rc3 44. gxf5 Nc4+ 45. Kb1 b3
0-1

[Event "Detroit (MI Op/7/10)"]
[Site "?"]
[Date "1990.??.??"]
[Round "?"]
[White "Selitsky, B."]
[Black "Knecht, Mark"]
[Result "0-1"]
[WhiteElo "1945"]
[BlackElo "2115"]
[PlyCount "46"]
[EventDate "1990.??.??"]

{7/(10)} 1. e4 e5 2. Nf3 Nc6 3. Bb5 Nd4 4. Nxd4 exd4 5. O-O Bc5 6. c3 c6 7. Bc4
d5 8. exd5 cxd5 9. Bb5+ Bd7 10. Qe2+ Ne7 11. b4 Bb6 12. Bd3 O-O 13. Bb2 Re8 14.
Qh5 g6 15. Qg5 Nf5 16. Qxd8 Raxd8 17. Na3 Nd6 18. c4 dxc4 19. Nxc4 Nxc4 20.
Bxc4 Bf5 21. Rfe1 d3 22. Bb5 Re2 23. Bc3 Bxf2+ 0-1

[Event "Detroit (MI Op/2/8)"]
[Site "?"]
[Date "1990.??.??"]
[Round "?"]
[White "Selitsky, B."]
[Black "Hahn, David"]
[Result "0-1"]
[WhiteElo "1945"]
[BlackElo "2265"]
[PlyCount "84"]
[EventDate "1990.??.??"]

{2/(8)} 1. e4 g6 2. d4 Bg7 3. Nf3 d6 4. Nc3 a6 5. Be2 b5 6. O-O Nd7 7. Ne1 Bb7
8. Bf3 c5 9. dxc5 Nxc5 10. Nd3 Nd7 11. Rb1 Ngf6 12. Re1 O-O 13. Bg5 h6 14. Bf4
e5 15. Be3 Qc7 16. a4 bxa4 17. Ra1 Nb6 18. Bxb6 Qxb6 19. Rxa4 Rfd8 20. Qa1 a5
21. b4 axb4 22. Rxb4 Rxa1 23. Rxb6 Rxe1+ 24. Nxe1 Ba8 25. Kf1 g5 26. h3 d5 27.
exd5 Nxd5 28. Bxd5 Bxd5 29. Nxd5 Rxd5 30. c4 Rc5 31. Rb4 e4 32. Nc2 f5 33. Ke2
f4 34. Na3 Bf8 35. Rb5 Rc8 36. Ra5 Bxa3 37. Rxa3 Rxc4 38. Ra7 Rc2+ 39. Ke1 Rc1+
40. Ke2 Rg1 41. Re7 Rxg2 42. Rxe4 Rh2 0-1

[Event "Detroit (MI Op/1a/7)"]
[Site "?"]
[Date "1990.??.??"]
[Round "?"]
[White "Selitsky, B."]
[Black "Finegold, Mark"]
[Result "1-0"]
[WhiteElo "1945"]
[BlackElo "2240"]
[PlyCount "73"]
[EventDate "1990.??.??"]

1. e4 c5 2. Nc3 Nc6 3. g3 g6 4. Bg2 Bg7 5. d3 d6 6. f4 e6 7. Nf3 Nge7 8. O-O
O-O 9. Be3 Nd4 10. Rb1 Rb8 11. Ne2 Nxf3+ 12. Bxf3 b6 13. d4 Qc7 14. c3 Bb7 15.
b4 f5 16. dxc5 dxc5 17. bxc5 fxe4 18. cxb6 axb6 19. Bxb6 Qc4 20. Rb4 Qxa2 21.
Bg4 Nf5 22. Bxf5 exf5 23. Bc7 Ba6 24. Rxb8 Bxe2 25. Rxf8+ Bxf8 26. Rf2 Bxd1 27.
Rxa2 Bc5+ 28. Kf1 Bg4 29. Be5 Be3 30. Bd4 Bc1 31. c4 e3 32. Bc3 Kf7 33. Be1 Ke6
34. c5 Kd7 35. c6+ Kc7 36. Bb4 Bf3 37. Rc2 1-0

[Event "Detroit (MI Op/4/15)"]
[Site "?"]
[Date "1990.??.??"]
[Round "?"]
[White "Selitsky, B."]
[Black "Chehayeb, Sal"]
[Result "1/2-1/2"]
[WhiteElo "1945"]
[BlackElo "2140"]
[PlyCount "78"]
[EventDate "1990.??.??"]

{4/(15)} 1. e4 c5 2. Nc3 Nc6 3. g3 g6 4. Bg2 Bg7 5. d3 d6 6. f4 Nf6 7. Nf3 Bg4
8. h3 Bd7 9. O-O e5 10. f5 gxf5 11. exf5 h6 12. g4 Ne7 13. Nd2 Bc6 14. Nde4
Nxe4 15. dxe4 f6 16. Bf3 Qc7 17. g5 hxg5 18. Bh5+ Kd7 19. Bg4 Bh6 20. a4 Rhd8
21. Nb5 Qb8 22. Nc3 Kc8 23. Be3 b6 24. a5 d5 25. axb6 axb6 26. exd5 Nxd5 27.
Nxd5 Bxd5 28. Qe2 Ra7 29. b4 cxb4 30. Ra6 Rb7 31. Rfa1 Qc7 32. Qb5 Bf8 33. Ra8+
Rb8 34. R1a7 Bxa8 35. Rxc7+ Kxc7 36. Qc4+ Bc5 37. Bxc5 bxc5 38. Qxc5+ Bc6 39.
Qe7+ Rd7 1/2-1/2

[Event "Lansing (Feb)"]
[Site "?"]
[Date "1990.??.??"]
[Round "?"]
[White "Scriber, Darin"]
[Black "Mitchell, Dave"]
[Result "1-0"]
[WhiteElo "1605"]
[BlackElo "1605"]
[PlyCount "91"]
[EventDate "1990.??.??"]

1. e4 d6 2. f4 g6 3. Nf3 Nf6 4. Nc3 Bg7 5. Be2 O-O 6. O-O b6 7. d4 Bb7 8. e5
dxe5 9. Nxe5 Nc6 10. Bf3 Nxe5 11. Bxb7 Rb8 12. fxe5 Rxb7 13. exf6 Bxf6 14. Be3
c5 15. Ne2 cxd4 16. Nxd4 Bxd4 17. Qxd4 Qxd4 18. Bxd4 Rd7 19. Be3 Rfd8 20. Kf2
Kg7 21. Ke2 e5 22. Rad1 f5 23. Rxd7+ Rxd7 24. Rd1 Rxd1 25. Kxd1 f4 26. Bd2 Kf6
27. Ke2 Kf5 28. Kf3 e4+ 29. Kf2 g5 30. c4 h5 31. b4 g4 32. g3 e3+ 33. Bxe3
fxe3+ 34. Kxe3 Ke5 35. b5 Kf5 36. a4 Ke6 37. Ke4 Kd6 38. Kd4 a6 39. bxa6 Kc7
40. Kd5 Kb8 41. a7+ Kxa7 42. c5 bxc5 43. Kxc5 Ka6 44. Kd5 Ka5 45. Ke5 Kxa4 46.
Kf5 1-0

[Event "Lansing (Feb)"]
[Site "?"]
[Date "1990.??.??"]
[Round "?"]
[White "Scriber, Darin"]
[Black "Hummel, G."]
[Result "0-1"]
[WhiteElo "1605"]
[BlackElo "1605"]
[PlyCount "126"]
[EventDate "1990.??.??"]

1. e4 Nf6 2. e5 Nd5 3. d4 e6 4. Nf3 Be7 5. Bc4 Nb6 6. Bb3 d6 7. Qe2 O-O 8. O-O
Nc6 9. Rd1 d5 10. c3 Nb8 11. Nbd2 c5 12. Nf1 N8d7 13. Bf4 f6 14. Bg3 Rf7 15.
Ne3 Nf8 16. Bc2 Nbd7 17. h3 f5 18. Bh2 Ng6 19. Rf1 Qb6 20. b3 Qa5 21. Qd2 cxd4
22. cxd4 Qxd2 23. Nxd2 b6 24. Bd3 Nb8 25. Rac1 Rf8 26. Rc2 Bd7 27. Rfc1 Nc6 28.
Rxc6 Bxc6 29. Rxc6 Bb4 30. Nf3 Rfe8 31. Nc2 Bf8 32. Ng5 Rac8 33. Rxe6 Rxe6 34.
Nxe6 Rc3 35. Nxf8 Rxd3 36. Ne1 Rd1 37. Kf1 Nxf8 38. Ke2 Rxd4 39. Nd3 Ne6 40. b4
Rc4 41. Kd2 Ng5 42. f3 d4 43. Bg1 Ne6 44. Bf2 b5 45. a3 Rc3 46. Bxd4 Rxa3 47.
Bb2 Ra2 48. Kc3 Ra6 49. Nc5 Nxc5 50. bxc5 Rg6 51. g4 fxg4 52. hxg4 a5 53. Kb3
Rh6 54. Ba3 Rh3 55. Kc2 Rxf3 56. Bb2 Rf4 57. Kd3 Rxg4 58. c6 Rc4 59. Bc3 Rxc6
60. Bxa5 h5 61. Kd4 h4 62. Kd5 Rc8 63. Kd6 h3 0-1

[Event "Lansing (Jan)"]
[Site "?"]
[Date "1990.??.??"]
[Round "?"]
[White "Scott, Steven"]
[Black "Zacks, Naum"]
[Result "1-0"]
[WhiteElo "1930"]
[BlackElo "1945"]
[PlyCount "119"]
[EventDate "1990.??.??"]

1. e4 d6 2. d4 g6 3. Nf3 Bg7 4. Be2 Nf6 5. Nc3 c6 6. O-O b5 7. a3 O-O 8. h3
Nbd7 9. Be3 Nb6 10. Qc1 Re8 11. Bh6 Bh8 12. Re1 Be6 13. b3 a5 14. Ng5 b4 15.
axb4 axb4 16. Rxa8 Qxa8 17. Nxe6 fxe6 18. Nd1 Qc8 19. Qe3 c5 20. dxc5 Qxc5 21.
Qxc5 dxc5 22. Bd3 Ra8 23. Ne3 Kf7 24. Nc4 Nxc4 25. Bxc4 Nd7 26. Be3 Ra5 27. f4
Bc3 28. Rd1 Nf6 29. f5 Nxe4 30. fxe6+ Kg7 31. Rf1 Bf6 32. Rd1 Nd6 33. Bd3 Nf5
34. Bxf5 gxf5 35. Rd5 Kg6 36. Rxc5 Ra1+ 37. Kf2 Ra2 38. Ke2 Bc3 39. Kd3 Ra1 40.
g3 Rd1+ 41. Ke2 Rd6 42. Kf3 Rxe6 43. Rd5 Rc6 44. Ke2 Bf6 45. Rc5 Re6 46. Kf3
Ra6 47. Bd2 e5 48. Bxb4 e4+ 49. Ke2 Be7 50. Ra5 Rxa5 51. Bxa5 Bd6 52. Be1 Be5
53. c4 Kf6 54. b4 Ke6 55. Ke3 Kd6 56. g4 Bb2 57. gxf5 Ke5 58. Bg3+ Kxf5 59. b5
Ba3 60. Bc7 1-0

[Event "Lansing (Mini-Swiss.2/1)"]
[Site "?"]
[Date "1990.??.??"]
[Round "?"]
[White "Scott, Steven"]
[Black "Ward, Tim"]
[Result "1-0"]
[WhiteElo "1920"]
[BlackElo "1825"]
[PlyCount "59"]
[EventDate "1990.??.??"]

{2/(1)} 1. e4 e6 2. d4 d5 3. e5 c5 4. c3 Nc6 5. Nf3 Bd7 6. Be2 Rc8 7. O-O cxd4
8. cxd4 f6 9. Nc3 fxe5 10. Nxe5 Nxe5 11. dxe5 Bc5 12. Bd3 Ne7 13. Bg5 Qc7 14.
Bxe7 Kxe7 15. Qh5 h6 16. Rac1 Qd8 17. Kh1 Be8 18. Qh4+ Kf7 19. Qg3 Qg5 20. Qh3
Qxe5 21. f4 Qe3 22. Qh5+ Kg8 23. Bg6 Bc6 24. Rce1 Qd2 25. Bf7+ Kf8 26. Bxe6 Rc7
27. Qf5+ Ke7 28. Bxd5+ Kd8 29. Bxc6 Rxc6 30. Rd1 1-0

[Event "Lansing (Mini-Swiss.1/1)"]
[Site "?"]
[Date "1990.??.??"]
[Round "?"]
[White "Scott, Steven"]
[Black "Tsemekhman, Vadim"]
[Result "0-1"]
[WhiteElo "1910"]
[BlackElo "2345"]
[PlyCount "114"]
[EventDate "1990.??.??"]

{1/(1)} 1. e4 e6 2. d4 d5 3. exd5 exd5 4. Bd3 Bd6 5. Nf3 Ne7 6. c3 Bf5 7. O-O
Bxd3 8. Qxd3 Nd7 9. Re1 O-O 10. Nbd2 Re8 11. Nf1 Nf8 12. Ng3 f6 13. Bd2 Qd7 14.
Re2 Bxg3 15. hxg3 Nf5 16. Rae1 Rxe2 17. Rxe2 Nd6 18. Bf4 Nf7 19. Re1 c6 20. Qe2
Ng6 21. Bc1 Nd6 22. Qd3 Re8 23. Rxe8+ Qxe8 24. Qe3 Qxe3 25. Bxe3 Kf7 26. Kf1
Nf8 27. Bf4 Nc8 28. Ke2 g5 29. Bc1 Nd7 30. Ne1 h5 31. Nd3 Kg6 32. b3 Nd6 33.
Nb2 Kf5 34. Nd1 Ke6 35. Bd2 b6 36. Be3 Ne4 37. Bc1 Nb8 38. Be3 Na6 39. Bc1 c5
40. dxc5 bxc5 41. Bb2 Nb8 42. Ne3 Nc6 43. Nc2 Ne5 44. Ne3 c4 45. bxc4 dxc4 46.
Nd1 Nd3 47. Ba3 a6 48. Bf8 f5 49. a3 f4 50. gxf4 gxf4 51. Bg7 Kf5 52. Bd4 Ng5
53. f3 Ne6 54. Bb6 Ke5 55. Nf2 Nxf2 56. Kxf2 Nd8 57. Bd4+ Kf5 {[Remainder
unavailable]} 0-1